The healing promise / (Record no. 10469)
[ view plain ]
| 000 -LEADER | |
|---|---|
| fixed length control field | 00890pam a2200265 a 4500 |
| 001 - CONTROL NUMBER | |
| control field | 3958957 |
| 003 - CONTROL NUMBER IDENTIFIER | |
| control field | OSt |
| 005 - DATE AND TIME OF LATEST TRANSACTION | |
| control field | 20210224150440.0 |
| 008 - FIXED-LENGTH DATA ELEMENTS--GENERAL INFORMATION | |
| fixed length control field | 940217s1994 oru b 001 0 eng |
| 010 ## - LIBRARY OF CONGRESS CONTROL NUMBER | |
| LC control number | 94006870 |
| 020 ## - INTERNATIONAL STANDARD BOOK NUMBER | |
| International Standard Book Number | 1565071824 (pbk.) : |
| Terms of availability | $8.99 |
| 040 ## - CATALOGING SOURCE | |
| Original cataloging agency | DLC |
| Transcribing agency | DLC |
| Modifying agency | DLC |
| 050 00 - LIBRARY OF CONGRESS CALL NUMBER | |
| Classification number | BS680.H4 |
| Item number | M469P |
| 082 00 - DEWEY DECIMAL CLASSIFICATION NUMBER | |
| Classification number | 234/.13 |
| Edition number | 20 |
| Item number | M469P |
| 100 1# - MAIN ENTRY--PERSONAL NAME | |
| Personal name | Mayhue, Richard. |
| 245 14 - TITLE STATEMENT | |
| Title | The healing promise / |
| Statement of responsibility, etc. | Richard Mayhue. |
| 260 ## - PUBLICATION, DISTRIBUTION, ETC. | |
| Place of publication, distribution, etc. | Eugene, Or. : |
| Name of publisher, distributor, etc. | Harvest House Publishers, |
| Date of publication, distribution, etc. | c1994. |
| 300 ## - PHYSICAL DESCRIPTION | |
| Extent | 288 p. ; |
| Dimensions | 20 cm. |
| 504 ## - BIBLIOGRAPHY, ETC. NOTE | |
| Bibliography, etc. note | Includes bibliographical references (p. 267-282) and index. |
| 650 #0 - SUBJECT ADDED ENTRY--TOPICAL TERM | |
| Topical term or geographic name entry element | Spiritual healing |
| General subdivision | Biblical teaching. |
| 650 #0 - SUBJECT ADDED ENTRY--TOPICAL TERM | |
| Topical term or geographic name entry element | Healing in the Bible. |
| 906 ## - LOCAL DATA ELEMENT F, LDF (RLIN) | |
| a | 7 |
| b | cbc |
| c | orignew |
| d | 1 |
| e | ocip |
| f | 19 |
| g | y-gencatlg |
| 942 ## - ADDED ENTRY ELEMENTS (KOHA) | |
| Source of classification or shelving scheme | Dewey Decimal Classification |
| Koha item type | Books |
| Withdrawn status | Lost status | Source of classification or shelving scheme | Damaged status | Not for loan | Collection code | Home library | Current library | Shelving location | Date acquired | Total Checkouts | Full call number | Barcode | Date last seen | Price effective from | Koha item type |
|---|---|---|---|---|---|---|---|---|---|---|---|---|---|---|---|
| Dewey Decimal Classification | Non-fiction | Harvest Mission College | Harvest Mission College | General Stacks | 02.03.2021 | 234.13 M469P | 012124 | 02.03.2021 | 02.03.2021 | Books |
